MARC

Tag First Indicator Second Indicator Subfields
LEADER 00000cam a2200000Mi 4500
001 in00004800413
006 m o d
007 cr |||||||||||
008 080320s2008 enka ob 000 0 eng d
005 20240725164711.0
035 |a (OCoLC)on1198081542 
040 |a EZ9  |b eng  |e pn  |c EZ9  |d OCLCO  |d OCLCF  |d UNOMP  |d OCLCO  |d UKBRP  |d OCLCL 
020 |a 9781407332444  |q ebook 
020 |a 1407332449 
020 |a 9781407301952 
020 |a 1407301950 
024 7 |a 10.30861/9781407301952  |2 doi 
028 5 0 |a S1756  |b BAR Publishing 
035 |a (OCoLC)1198081542 
082 0 4 |a 978.28  |2 22 
049 |a TXAM 
100 1 |a Hill, Matthew G.  |q (Matthew Glenn)  |1 https://id.oclc.org/worldcat/entity/E39PCjHMQwtyF6BfkPwMgQYbQy 
245 1 0 |a Paleoindian subsistence dynamics on the northwestern Great Plains :  |b zooarchaeology of the Agate Basin and Clary Ranch sites /  |c Matthew G. Hill. 
264 1 |a Oxford :  |b British Archaeological Reports,  |c 2008. 
300 |a 1 online resource :  |b illustrations. 
336 |a text  |b txt  |2 rdacontent 
337 |a computer  |b c  |2 rdamedia 
338 |a online resource  |b cr  |2 rdacarrier 
490 1 |a BAR international series ;  |v 1756. 
504 |a Includes bibliographical references. 
588 |a Description based on print version record. 
650 0 |a Animal remains (Archaeology)  |z Wyoming. 
650 0 |a Animal remains (Archaeology)  |z Nebraska. 
650 0 |a Antiquities, Prehistoric  |z Wyoming. 
650 0 |a Antiquities, Prehistoric  |z Nebraska. 
650 0 |a Paleo-Indians  |z Wyoming  |x Antiquities. 
650 0 |a Paleo-Indians  |z Nebraska  |x Antiquities. 
651 0 |a Agate Basin Site (Wyo.) 
651 0 |a Clary Ranch Site (Neb.) 
651 0 |a Wyoming  |x Antiquities. 
651 0 |a Nebraska  |x Antiquities. 
651 6 |a Wyoming  |x Antiquités. 
650 7 |a Animal remains (Archaeology)  |2 fast  |0 (OCoLC)fst00809354 
650 7 |a Antiquities.  |2 fast  |0 (OCoLC)fst00810745 
650 7 |a Antiquities, Prehistoric.  |2 fast  |0 (OCoLC)fst00810762 
650 7 |a Paleo-Indians  |x Antiquities.  |2 fast  |0 (OCoLC)fst01051311 
651 7 |a Nebraska.  |2 fast  |0 (OCoLC)fst01208998  |1 https://id.oclc.org/worldcat/entity/E39PBJkxGbFYGDJ3P9CkT3BMfq 
651 7 |a Nebraska  |z Clary Ranch Site.  |2 fast  |0 (OCoLC)fst01875819 
651 7 |a Wyoming.  |2 fast  |0 (OCoLC)fst01204583  |1 https://id.oclc.org/worldcat/entity/E39PBJk4DBFyx99v9QWCjhMMfq 
651 7 |a Wyoming  |z Agate Basin Site.  |2 fast  |0 (OCoLC)fst01239523 
655 7 |a Electronic books.  |2 local 
740 0 |a British Archaeological Reports. 
758 |i has work:  |a Paleoindian subsistence dynamics on the northwestern Great Plains (Text)  |1 https://id.oclc.org/worldcat/entity/E39PCFWWqRPryBk7XfQbrWMqw3  |4 https://id.oclc.org/worldcat/ontology/hasWork 
776 0 8 |i Print version :  |z 9781407301952. 
830 0 |a BAR international series ;  |v 1756. 
856 4 0 |u http://proxy.library.tamu.edu/login?url=https://doi.org/10.30861/9781407301952  |z Connect to the full text of this electronic book  |t 0 
955 |a Brtish Archaeological Reprts Pre-2020 
994 |a 92  |b TXA 
999 f f |s a02049c5-78ef-4a45-937c-dfe4f9dff7fc  |i a4417454-80b6-4d58-84e4-ce08706fc1e7  |t 0 
952 f f |a Texas A&M University  |b College Station  |c Electronic Resources  |d Available Online  |t 0  |h Library of Congress classification 
998 f f |t 0  |l Available Online